Nazioni con meno gol subiti agli Europei - Statistics

Statistiche generali
  • Questo quiz è stato fatto 20 volte
  • Il punteggio medio è 6 su 9
Statistiche sulle risposte
Gol subiti Nazionale % Corretto
3 Finlandia
78%
9 Islanda
78%
1 Norvegia
78%
7 Slovenia
78%
8 Albania
72%
8 Macedonia del Nord
72%
5 Lettonia
61%
8 Georgia
50%
3 Irlanda del Nord
50%
Nessun quiz corrispondente trovato
Distribuzione punteggi
Percentuale di utenti per punteggio
Percentile per numero di risposta
I tuoi punteggi nel tempo
Non hai fatto questo quiz